000 00501nam a2200169 i 4500
001 22463
003 ES-MaACL
005 20230906152711.0
007 t|
008 021203s1962 sp ||||1| spa d
245 0 0 _aAlimentación de la vaca lechera /
_cFoot... [et al.] ; traducido... por Jaime Esaín Escobar.
260 _aZaragoza :
_bAcribia,
_c1962.
300 _a110 p. ;
_c20 cm.
700 1 _aFoot.
_951661
700 0 _aEsaín Escobar, Jaime.
_947449
852 _aES-MaACL
_jC-21662
_bR.50604
999 _c22463
_d22463